Chemical ecology of phytophagous insects
Saved in:
| Main Author: | |
|---|---|
| Other Authors: | |
| Format: | Book |
| Language: | English |
| Published: |
New York, USA
Science Publishers
1993
|
| Subjects: | |
| Tags: |
Add Tag
No Tags, Be the first to tag this record!
|
MARC
| LEADER | 00000nam a2200000 a 4500 | ||
|---|---|---|---|
| 001 | UCP0661 | ||
| 003 | CL-VaPUC | ||
| 005 | 20250421164338.0 | ||
| 008 | 990319e19930000US |||||||||||||||||eng|d | ||
| 999 | |c 279421 |d 279419 | ||
| 040 | |c Pontificia Universidad Católica de Valparaíso | ||
| 082 | 0 | 4 | |a 597.5 ANA 1993 |2 21 |
| 100 | 0 | |a Ananthakrishnan, T. N |9 426106 | |
| 245 | 1 | 0 | |a Chemical ecology of phytophagous insects |
| 260 | 0 | 3 | |a New York, USA |b Science Publishers |c 1993 |
| 300 | |a 332 páginas | ||
| 583 | |a last modification |c 19990319 00:00:00 |k Rodrigo Vera | ||
| 650 | 0 | |a Insectos |9 264174 | |
| 650 | 0 | |a Invertebrados |9 261302 | |
| 650 | 0 | |a Ecología |9 258124 | |
| 650 | 0 | |a Artrópodos |9 269503 | |
| 650 | 0 | |a Química |9 259896 | |
| 650 | 0 | |a Zoología |9 261613 | |
| 650 | 0 | |a Zoofisiología |9 341051 | |
| 650 | 7 | |a HABITAT |2 CL-VaPUC |9 267395 | |
| 650 | 7 | |a FOTOQUIMICA |2 CL-VaPUC |9 306796 | |
| 650 | 0 | |a Polinización |9 259680 | |
| 700 | 0 | |a Raman, A |9 426107 | |
| 942 | |c BK |2 ddc | ||
| 945 | |d 19990319 00:00:00 |a rbrito | ||
| 952 | |0 0 |1 0 |2 ddc |4 0 |6 597_500000000000000_ANA_1993 |7 0 |8 A |9 318719 |a BIBCUR |b BIBCUR |d 2019-11-20 |i 3505081 |o 597.5 ANA 1993 |p 3505081 |r 2025-04-22 |t 1 |w 2019-11-20 |y BK |k BIO | ||